000 01543cam a22003854a 4500
001 13917793
003 NUST - PNEC
005 20170116181132.0
008 050401s2005 nyub 000 0deng
010 _a 2005009249
020 _a1582345201 (hardcover)
020 _a9781582345208 (hardcover)
035 _a(OCoLC)ocm58830515
040 _aDLC
_cLIBRARY
_dBAKER
_dC#P
_dXY4
_dDLC
042 _apcc
043 _aa-af---
050 0 0 _aDS352
_b.A39 2005
082 0 0 _a958.1047 AKB
_222
100 1 _aAkbar, Said Hyder.
245 1 0 _aCome back to Afghanistan :a California teenager's story
_cSaid Hyder Akbar
250 _a1st U.S. ed.
260 _aNew York :
_bBloomsbury :
_bDistributed to the trade by Holtzbrinck Publishers,
_cc.2005.
300 _axi, 339 p. :
_bmaps ;
_c25 cm.
600 1 0 _aAkbar, Said Hyder
_xTravel
_zAfghanistan.
650 _914051
_aCome back to Afghanistan
_xGeneral
651 0 _aAfghanistan
_xDescription and travel.
651 0 _aAfghanistan
_xPolitics and government
_y2001-
651 0 _aAfghanistan
_xHistory.
700 1 _aBurton, Susan,
_d1973-
856 4 2 _3Contributor biographical information
_uhttp://www.loc.gov/catdir/enhancements/fy0643/2005009249-b.html
856 4 2 _3Publisher description
_uhttp://www.loc.gov/catdir/enhancements/fy0643/2005009249-d.html
906 _a7
_bcbc
_corignew
_d1
_eecip
_f20
_gy-gencatlg
942 _2ddc
_cBK
999 _c70037
_d70037